000 01810cam a22005054i 4500
003 PE-LiUPU
005 20250731165504.0
008 150623s r 000 0 d
020 _a1850759340
035 _a(Sirsi) i9781850759348
040 _aPE-LiUPU
_bspa
_cPE-LiUPU
_erda
049 _aPRUA
082 0 4 _a225.077
_bBS
_221
100 1 _aPolaski, Sandra Hack,
_eautor.
245 1 0 _aPaul and the discourse of power.
_n62.
264 1 _aSheffield, Great Britain :
_bSheffield Academic Press,
_c1999.
300 _a151 páginas ;
_c23 centímetros
336 _atext
_2rdacontent
337 _aunmediated
_2rdamedia
338 _avolume
_2rdacarrier
490 0 _aThe Biblical Seminar, 62. Gender, Culture, Theory ;
_v8
504 _aIncluye bibliografía.
505 0 _aTalking about power. -Identifyng the discourse of power. -Power negotiations and power structures. -Power organizing reality.
526 _aSEG44
526 _aSEG26
526 _aP151
526 _aP150
526 _aP149
526 _aP146
526 _aP145
526 _aP126
526 _aP125
526 _aP92
526 _aP75
526 _aP74
526 _aP27
526 _aP15
600 1 _aPablo de Tarso.
_d2 a. C. - c. 66 d. C.
942 _2ddc
_cBOOK
949 _aRC 225.077 BS 62
_wDEWEY
_c1
_i46889
_lCCODEBUL1
_mBUL
_r0
_sY
_tBOOK
_u2015-6-24
_xTEOLOGIA
_PP35
_0COMPRA
_o.CIRCNOTE. No olvidar cambiar la fecha de devolución!!!!!!!
_o.STAFF. Colección General
994 _aC0
_bPEPRU
596 _a1
999 _aRC 225.077 BS 62
_wDEWEY
_c23491
_i46889
_f2021-11-8
_g5
_lCCODEBUL1
_mBUL
_r1
_sY
_tBOOK
_u2015-6-24
_xTEOLOGIA
_PP35
_0COMPRA
_o.CIRCNOTE. No olvidar cambiar la fecha de devolución!!!!!!!
_o.STAFF. Colección General
_d23491
980 _81
_gALBERTO SANCHEZ Responsable de Automatización